000
00268 a2200121 4500
001
60257
082
_a
508 CLA
090
_c
36999
_d
36999
100
_a
Phillip, Clarke
245
_a
Mysteries and Marvels of Science
260
_a
London
_b
US Bome
_c
2004
300
_a
96
942
_a
caenust
_k
508 CLA
999
_c
295330
_d
295330